| 000 | 00497cam a2200205ua 4500 | ||
|---|---|---|---|
| 020 | _c12- | ||
| 041 |
_aeng _h |
||
| 082 |
_a338.9 _bLEW/PR |
||
| 100 | _aLewis, Arthur.W . | ||
| 245 |
_aPrinciples of economic planning / _cW Arthur Lewis. _hTextual Documents |
||
| 250 |
_a1 / _b. |
||
| 260 |
_aLondon : _bUnwin university books , _c1965. |
||
| 300 | _a128 ; . | ||
| 365 | _a12- | ||
| 504 | _a | ||
| 942 | _cBK | ||
| 999 |
_c2136 _d2136 |
||